Commanders of Famous Battles - Statistics

General Stats
  • This quiz has been taken 660 times
    523 since last reset
  • The average score is 15 of 32
Answer Stats
Battle Commanders % Correct
Waterloo Napoleon Bonaparte
96%
Trafalgar Horatio Nelson
86%
Gettysburg Robert E. Lee
86%
El Alamein Erwin Rommel
82%
Duke of Wellington
81%
Vicksburg Ulysses S. Grant
81%
Hastings William the Conquerer
80%
Bernard Montgomery
73%
Little Bighorn George A. Custer
72%
Harold II
61%
Kursk Georgi Zhukov
56%
Midway Isoroku Yamamoto
53%
Tenochtitlan Hernan Cortes
51%
Gaugamela Alexander the Great
50%
Chester A. Nimitz
47%
Alesia Julius Caesar
43%
Crazy Horse
41%
Darius III
41%
Saladin
39%
Montezuma II
38%
Acre Richard I
38%
Verdun Philippe Petain
35%
George Meade
34%
Vercingetorix
33%
Erich von Manstein
27%
Saratoga Horatio Gates
27%
Lutzen Gustavus Adolphus
18%
Pierre-Charles Villeneuve
15%
John Burgoyne
14%
Erich von Falkenhayn
13%
Albrecht von Wallenstein
12%
John Pemberton
7%
No matching quizzes found
Score Distribution
Percent of People with Each Score
Percentile by Number Answered
Your Score History
You have not taken this quiz since the last reset